اردو و غزل کے پچاس سال / (Record no. 172512)

MARC details
000 -LEADER
fixed length control field 00538nam a22001697a 4500
005 - DATE AND TIME OF LATEST TRANSACTION
control field 20200206125315.0
010 ## - LCCN (DPL NO)
LC control number 318285
035 ## - SYSTEM CONTROL NUMBER
System control number 318285
037 ## - SOURCE OF ACQUISITION
Source of stock number/acquisition BPPD/Pub.
082 ## - DEWEY DECIMAL CLASSIFICATION NUMBER
Classification number 841.09
100 ## - MAIN ENTRY--PERSONAL NAME
Personal name عبدال حرخاں خلیل
245 ## - TITLE STATEMENT
Title اردو و غزل کے پچاس سال /
Statement of responsibility, etc عبد ال حرخاں خلیل
246 ## - VARYING FORM OF TITLE
Title proper/short title Urdu-O-Ghazal Ke Pachas Saal /
Remainder of title by Abdul Harkhan Khaleel
260 ## - PUBLICATION, DISTRIBUTION, ETC. (IMPRINT)
Place of publication, distribution, etc Lucknow
Name of publisher, distributor, etc Maktaba Kulliyan
Date of publication, distribution, etc 1961 ء
300 h# - PHYSICAL DESCRIPTION
Extent 470p.
Dimensions 18cm(Hb)
942 ## - ADDED ENTRY ELEMENTS (KOHA)
Source of classification or shelving scheme Dewey Decimal Classification
Item type Urdu Bks
Classification part 841.09
Call number suffix ع ب د
Holdings
Withdrawn status Lost status Not for loan Collection code Home library Current library Date acquired Source of acquisition Full call number Barcode Copy number Koha item type
      Non-fiction Central Library Central Library 06/02/2020 BPPD/Ven. 841.09 ع ب د 318285 1 Urdu Bks

© Delhi Public Library
Hit Counter
free hit counter